Common Bonds II Quiz Stats

 Plays Quiz Updated Apr 7, 2014

Also try: Common Bonds
Challenge
Share
Tweet
Embed
Score 0/52 Timer 15:00
0 Plays Today
Hint Answer % Correct
Group AClock
82.5%
Group ADance
75%
Group AGround
71.8%
Group ANet
71.3%
Group BBlue
66.5%
Group BDish
60.6%
Group BCream
59.8%
Group CPole
54.2%
Group BEgg
54%
Group ADuty
53.6%
Group BString
50.5%
Group ACare
50.3%
Group BPaper
48.9%
Group BWorld
45.9%
Group CStep
45.8%
Group BBed
44.8%
Group CAll
44.5%
Group ASugar
44.1%
Group AShop
43.2%
Group CGod
42.9%
Group AArt
42.1%
Group BPAN
40.4%
Group EPan
40.4%
Group CRock
37.3%
Group AWORK
36.6%
Group DWork
36.6%
Hint Answer % Correct
Group BCHEESE
34.8%
Group ECheese
34.8%
Group CShift
33.9%
Group CPass
32.3%
Group BSauce
28.2%
Group CMaster
25.4%
Group AFLOOR
24.4%
Group DFloor
24.4%
Group ECAKE
24.1%
Group GCake
24.1%
Group CBirth
21.8%
Group AFREE
21.3%
Group DFree
21.3%
Group FBOARD
19%
Group GBoard
19%
Group CMOTHER
18.4%
Group FMother
18.4%
Group CSTAR
15.8%
Group FStar
15.8%
Group BCUP
14.8%
Group ECup
14.8%
Group CKEY
11.8%
Group FKey
11.8%
Group GWALK
11.5%
Group DSPACE
7.1%
Group GSpace
7.1%

You're not logged in!

Compare scores with friends on all Sporcle quizzes.
Join for Free
OR
Log In

You Might Also Like...

Show Comments

Extras

Top Quizzes Today


Score Distribution

Your Account Isn't Verified!

In order to create a playlist on Sporcle, you need to verify the email address you used during registration. Go to your Sporcle Settings to finish the process.

Report this User

Report this user for behavior that violates our Community Guidelines.

Details: